[Event "1st Grand Europe Open"]
[Site "Golden Sands BUL"]
[Date "2012.06.04"]
[Round "1.56"]
[White "Virovlansky, Semen"]
[Black "Anev, Asen"]
[Result "1-0"]
[WhiteTitle "IM"]
[WhiteElo "2445"]
[BlackElo "2035"]
[WhiteFideId "4125207"]
[BlackFideId "2904934"]
[EventDate "2012.06.04"]
[EventType "swiss"]

1. d4 Nf6 2. c4 e6 3. g3 d5 4. Bg2 Bb4+ 5. Nd2 O-O 6. Qc2 c6 7. Nf3 Ne4 8. O-O
Nxd2 9. Nxd2 Nd7 10. e4 Bxd2 11. Bxd2 dxc4 12. Qxc4 e5 13. Bc3 Nb6 14. Qc5 exd4
15. Bxd4 Re8 16. Rad1 Nd7 17. Qc3 Qg5 18. f4 Qh6 19. g4 f6 20. h3 Nf8 21. f5 Nd7
22. Be3 Qh4 23. Qb3+ Kh8 24. Qf7 Rg8 25. Rxd7 Bxd7 26. Qxd7 Rad8 27. Qxb7 h5 28.
gxh5 Qxh5 29. Qxc6 Rd3 30. Rf3 Qh4 31. Kh2 Rgd8 32. Rg3 Kh7 33. Qc7 R8d7 34. Qf4
Qh5 35. Bf3 Qf7 36. Be2 R3d6 37. b3 Rc6 38. e5 fxe5 39. Qh4+ Kg8 40. Bc4 Rxc4
41. Qxc4 Qxc4 42. bxc4 Kf7 43. Rg6 Rd3 44. Bxa7 Ra3 45. Bb6 Rf3 46. Rg5 e4 47.
Rg2 Ra3 48. Rg6 Rxa2+ 49. Kg3 Ra3+ 50. Kg4 e3 51. Re6 Ra4 52. Bxe3 Rxc4+ 53. Bf4 1-0

[Event "1st Grand Europe Open"]
[Site "Golden Sands BUL"]
[Date "2012.06.04"]
[Round "1.57"]
[White "Malkawi, Fadi"]
[Black "Rathnakaran, K."]
[Result "0-1"]
[WhiteTitle "FM"]
[BlackTitle "IM"]
[WhiteElo "2020"]
[BlackElo "2441"]
[WhiteFideId "8100420"]
[BlackFideId "5005507"]
[EventDate "2012.06.04"]
[EventType "swiss"]

1. e4 e6 2. d4 d5 3. exd5 exd5 4. Nf3 Bd6 5. Bd3 Nc6 6. O-O Bg4 7. c3 Nge7 8.
Nbd2 Qd7 9. Re1 f6 10. a4 O-O-O 11. a5 a6 12. b4 Na7 13. Qa4 Ng6 14. Qxd7+ Bxd7
15. Nb3 Rde8 16. Be3 Nf4 17. Bf1 Bb5 18. Nc5 Bxf1 19. Kxf1 Nb5 20. Bd2 0-1

[Event "1st Grand Europe Open"]
[Site "Golden Sands BUL"]
[Date "2012.06.05"]
[Round "2.1"]
[White "Efimenko, Zahar"]
[Black "Smirnov, Artem"]
[Result "1-0"]
[WhiteTitle "GM"]
[BlackTitle "IM"]
[WhiteElo "2689"]
[BlackElo "2432"]
[WhiteFideId "14107201"]
[BlackFideId "4143256"]
[EventDate "2012.06.04"]
[EventType "swiss"]

1. Nf3 Nf6 2. g3 b5 3. Bg2 Bb7 4. O-O e6 5. d3 Be7 6. e4 d6 7. a4 b4 8. c3 bxc3
9. Nxc3 O-O 10. b4 d5 11. e5 Nfd7 12. b5 c6 13. Bf4 a6 14. Rb1 cxb5 15. axb5
axb5 16. Nxb5 Nc6 17. Re1 Ba6 18. Nbd4 Nxd4 19. Nxd4 Nc5 20. Nc6 Qd7 21. Nxe7+
Qxe7 22. Bf1 d4 23. Qg4 Kh8 24. Bg5 Qd7 25. Rb4 Bb7 26. Qxd4 Qc6 27. Rxb7 Nxb7
28. Bg2 Qb5 29. Qh4 Qa5 30. Rf1 Qxe5 31. Bxb7 Ra1 32. Rxa1 Qxa1+ 33. Kg2 Qb1 34.
Bf3 Qb2 35. d4 f6 36. Be3 Qb5 37. Be4 f5 38. Bf3 Qd7 39. Qf4 Rd8 40. Qe5 Qd6 41.
Qa5 h6 42. h4 Kh7 43. h5 Rd7 44. Qc5 g6 45. hxg6+ Kxg6 46. Qc1 h5 47. Qh1 Rh7
48. Qh4 1-0

[Event "1st Grand Europe Open"]
[Site "Golden Sands BUL"]
[Date "2012.06.05"]
[Round "2.2"]
[White "Rathnakaran, K."]
[Black "Georgiev, Kiril"]
[Result "0-1"]
[WhiteTitle "IM"]
[BlackTitle "GM"]
[WhiteElo "2441"]
[BlackElo "2689"]
[WhiteFideId "5005507"]
[BlackFideId "2900017"]
[EventDate "2012.06.04"]
[EventType "swiss"]

1. e4 c5 2. Nf3 d6 3. c3 Nf6 4. Bd3 Bg4 5. h3 Bh5 6. e5 dxe5 7. Qa4+ Nc6 8. Nxe5
a6 9. f4 e6 10. O-O b5 11. Bxb5 axb5 12. Qxb5 Rc8 13. g4 Bg6 14. f5 Qd6 15. d4
cxd4 16. Qa6 Kd8 17. Nxc6+ Rxc6 18. Qa5+ Kd7 19. Qa7+ Rc7 20. Qa4+ Qc6 21. Qxc6+
Kxc6 22. fxg6 hxg6 23. Kg2 Bc5 24. a4 Nd5 25. Bd2 Kb7 26. a5 e5 27. b4 Bd6 28.
a6+ Ka8 29. b5 e4 30. cxd4 e3 31. Nc3 Nxc3 32. Bxc3 Rxc3 33. Rxf7 Rc2+ 34. Kg1
Rb2 35. Rd7 Bh2+ 36. Kh1 Bg3 37. Re7 Rxh3+ 38. Kg1 Bh2+ 39. Kf1 Rf3+ 0-1

[Event "1st Grand Europe Open"]
[Site "Golden Sands BUL"]
[Date "2012.06.05"]
[Round "2.4"]
[White "Lilov, Valeri"]
[Black "Petrosian, Tigran L."]
[Result "0-1"]
[WhiteTitle "FM"]
[BlackTitle "GM"]
[WhiteElo "2430"]
[BlackElo "2657"]
[WhiteFideId "2906597"]
[BlackFideId "13301616"]
[EventDate "2012.06.04"]
[EventType "swiss"]

1. e4 c5 2. Nf3 Nc6 3. Bb5 d6 4. O-O Bd7 5. c3 a6 6. Ba4 Nf6 7. Re1 c4 8. d4
cxd3 9. Qxd3 g6 10. c4 Bg7 11. Nc3 O-O 12. Bg5 Rc8 13. Bxc6 Bxc6 14. Nd5 Re8 15.
Rac1 Nd7 16. Qd2 b6 17. b3 Bb7 18. Nd4 Nc5 19. Bh4 b5 20. Kh1 bxc4 21. bxc4 h6
22. f3 g5 23. Bg3 e6 24. Ne3 Ba8 25. Red1 Nb7 26. Nb3 Rc6 27. Qb4 Qb6 28. Qe1
Rec8 29. Rb1 Qa7 30. Qe2 a5 31. Bf2 Qa6 32. Nd4 Rc5 33. a4 R5c7 34. Nb5 Rd7 35.
Bg3 Rcd8 36. Qc2 Qb6 37. Bf2 Qc6 38. Rd2 Nc5 39. Rbd1 Na6 40. Bg3 Qc5 41. Qb3
Qb4 42. Qc2 Nc5 43. Bxd6 Qxa4 44. Qb1 Qb3 45. Qxb3 Nxb3 46. Rd3 a4 47. Nc2 Bc6
48. Nb4 Bxb5 49. cxb5 Rb7 50. Nc6 Rdd7 51. e5 Rxb5 52. Nd4 Nxd4 53. Rxd4 a3 54.
Ra1 Rxd6 55. Rxd6 Bxe5 56. Rd8+ Kg7 57. Rf1 a2 58. Rdd1 Ra5 0-1

[Event "1st Grand Europe Open"]
[Site "Golden Sands BUL"]
[Date "2012.06.05"]
[Round "2.5"]
[White "Melkumyan, Hrant"]
[Black "Firat, Burak"]
[Result "1/2-1/2"]
[WhiteTitle "GM"]
[BlackTitle "IM"]
[WhiteElo "2642"]
[BlackElo "2428"]
[WhiteFideId "13302485"]
[BlackFideId "6305881"]
[EventDate "2012.06.04"]
[EventType "swiss"]

1. d4 Nf6 2. c4 g6 3. f3 d5 4. cxd5 Nxd5 5. e4 Nb6 6. Nc3 Bg7 7. Be3 O-O 8. Qd2
e5 9. d5 c6 10. d6 Re8 11. Rd1 N8d7 12. h4 Nf8 13. Bg5 Bf6 14. Bxf6 Qxf6 15. h5
Be6 16. g4 g5 17. Qe3 Rad8 18. Rh2 h6 19. b3 Bc8 20. Rhd2 Ne6 21. Nge2 c5 22.
Ng3 Nd4 23. Nf5 Bxf5 24. exf5 Qxd6 25. Kf2 Nd5 26. Nxd5 Qxd5 27. Bb5 Re7 28. f6
Rc7 29. Re1 Rd6 30. Bc4 Qc6 31. f4 gxf4 32. Qxe5 Qf3+ 33. Kg1 Qg3+ 34. Kf1 Qh3+
35. Rg2 Qh1+ 36. Kf2 Qh4+ 37. Kf1 Qh1+ 38. Kf2 Qh4+ 39. Kf1 1/2-1/2

[Event "1st Grand Europe Open"]
[Site "Golden Sands BUL"]
[Date "2012.06.05"]
[Round "2.6"]
[White "Dimitrov, Radoslav"]
[Black "Vuckovic, Bojan"]
[Result "1-0"]
[WhiteTitle "IM"]
[BlackTitle "GM"]
[WhiteElo "2428"]
[BlackElo "2628"]
[WhiteFideId "2908549"]
[BlackFideId "922277"]
[EventDate "2012.06.04"]
[EventType "swiss"]

1. c4 Nf6 2. Nc3 c5 3. g3 e6 4. Bg2 d5 5. Nf3 d4 6. Na4 Nc6 7. d3 e5 8. O-O h6
9. a3 Be6 10. Rb1 a5 11. Qb3 Rb8 12. Nd2 Nd7 13. Qc2 Be7 14. Nb3 Rc8 15. Bd2 b6
16. e3 O-O 17. Rbe1 Re8 18. exd4 exd4 19. Nc1 Bf5 20. h3 Qc7 21. Qb3 Bd6 22. f4
h5 23. Qd1 Nf6 24. Qb3 Rxe1 25. Rxe1 Rb8 26. Qd1 Qd7 27. Kh2 Ne7 28. b3 Qc7 29.
Kg1 Bd7 30. Qf3 Bc6 31. Qf2 Bxg2 32. Kxg2 Ng6 33. Ne2 Re8 34. Qf3 h4 35. g4
Nxf4+ 36. Nxf4 Rxe1 37. Bxe1 Bxf4 38. Bxh4 Nd7 39. Qa8+ Nf8 40. Bd8 Qe5 41. Qe4
Qxe4+ 42. dxe4 d3 43. Nb2 d2 44. Bxb6 Ne6 45. Bxa5 Nd4 46. b4 Nc2 47. Kf3 Be5
48. Nd1 Nxa3 49. bxc5 Nxc4 50. Bb4 Kf8 51. Ke2 Bf4 52. Bc3 Ke7 53. Bxg7 f6 54.
Nc3 Kf7 55. Bxf6 Kxf6 56. Nd5+ Ke5 57. Nxf4 Kxf4 58. c6 Ke5 59. c7 Nb6 60. g5
Ke6 61. h4 Kd7 62. h5 Nc8 63. g6 Ne7 64. Kxd2 Ng8 65. Ke3 Nf6 66. g7 Kxc7 67.
Kf3 Ng8 68. Kf4 Kd6 69. Kg5 Ke6 70. h6 Kf7 71. h7 Kxg7 72. hxg8=Q+ Kxg8 73. Kf6 1-0

[Event "1st Grand Europe Open"]
[Site "Golden Sands BUL"]
[Date "2012.06.05"]
[Round "2.7"]
[White "Parligras, Mircea-Emilian"]
[Black "Gutov, Andrey"]
[Result "0-1"]
[WhiteTitle "GM"]
[BlackTitle "GM"]
[WhiteElo "2622"]
[BlackElo "2421"]
[WhiteFideId "1204297"]
[BlackFideId "4130480"]
[EventDate "2012.06.04"]
[EventType "swiss"]

1. Nf3 d5 2. d4 Nf6 3. c4 e6 4. Nc3 Bb4 5. cxd5 exd5 6. Bg5 Nbd7 7. e3 c5 8.
dxc5 Qa5 9. Rc1 Bxc3+ 10. bxc3 Qxc5 11. Bd3 Ne4 12. Bf4 b5 13. Nd4 a6 14. Nf5
O-O 15. Qg4 g6 16. f3 Ne5 17. Nh6+ Kg7 18. Bxe5+ f6 19. Bd4 Qa3 20. O-O Bxg4 21.
Nxg4 Nc5 22. Bc2 Ne6 23. Bb3 Rac8 24. Rcd1 Nxd4 25. Rxd4 Rxc3 26. Rxd5 Rxb3 27.
axb3 Qxb3 28. e4 a5 29. Rfd1 h5 30. Nf2 a4 31. R5d3 Qc2 32. R3d2 Qc3 33. e5 Qxe5
34. Ne4 b4 35. Rd5 Qb8 36. Nc5 Qb6 37. Kh1 Ra8 38. Re1 a3 39. Re7+ Kh6 0-1

[Event "1st Grand Europe Open"]
[Site "Golden Sands BUL"]
[Date "2012.06.05"]
[Round "2.9"]
[White "L'Ami, Erwin"]
[Black "Foisor, Cristina-Adela"]
[Result "1-0"]
[WhiteTitle "GM"]
[BlackTitle "IM"]
[WhiteElo "2605"]
[BlackElo "2417"]
[WhiteFideId "1007998"]
[BlackFideId "1200496"]
[EventDate "2012.06.04"]
[EventType "swiss"]

1. d4 g6 2. e4 c6 3. Nc3 d5 4. Nf3 Bg7 5. h3 dxe4 6. Nxe4 Bf5 7. Ng3 Be6 8. Be3
Na6 9. Ng5 Nc7 10. Be2 Nf6 11. c4 O-O 12. O-O h6 13. Nf3 Kh7 14. Qc2 Nfe8 15.
Ne5 Nd6 16. Bd3 f5 17. f4 Nce8 18. Rad1 Nf6 19. b3 Qc7 20. Bc1 Rad8 21. Rfe1 Bc8
22. Kh2 e6 23. Ba3 Rg8 24. Re2 Bf8 25. Bb2 Nf7 26. Bc3 Nh5 27. Nxh5 gxh5 28. d5
cxd5 29. cxd5 Nxe5 30. Rxe5 Rg6 31. dxe6 Bxe6 32. Rde1 Bc8 33. Kh1 Bg7 34. Re7
Qxf4 35. Rf1 Qg3 36. Bxg7 Rxg7 37. Bxf5+ Bxf5 38. Qxf5+ Qg6 39. Rxg7+ Kxg7 40.
Qe5+ Kg8 41. Qc7 Rf8 42. Rxf8+ Kxf8 43. Qc5+ Kg7 44. Qxa7 Qe4 45. Qf2 h4 46. Qd2
h5 47. Kg1 b5 48. Qg5+ Kf8 49. Qxb5 Qe3+ 50. Kf1 Qf4+ 51. Ke1 Qc1+ 52. Ke2 Qc2+
53. Kf3 Qc3+ 54. Ke4 Qe1+ 55. Kd5 Qd2+ 56. Kc5 Qg5+ 57. Kb6 Qxg2 58. Qf5+ Kg7
59. a4 Qg3 60. Qe6 Qb8+ 61. Ka5 Qa7+ 62. Kb4 Qb8+ 63. Kc3 Qg3+ 64. Kd4 Qf2+ 65.
Kd5 Qd2+ 66. Kc6 Qc3+ 67. Kb6 Qd4+ 68. Kb7 Qb4+ 69. Ka6 Qc3 70. a5 Qd3+ 71. Ka7
Qd4+ 72. Kb7 Qb4+ 73. Ka6 Qc3 74. b4 Qxb4 75. Qd7+ Kf6 76. Qc6+ Ke5 77. Qb5+
Qxb5+ 78. Kxb5 Kf4 79. a6 Kg3 80. a7 Kxh3 81. a8=Q Kh2 82. Qf3 1-0

[Event "1st Grand Europe Open"]
[Site "Golden Sands BUL"]
[Date "2012.06.05"]
[Round "2.10"]
[White "Enchev, Ivajlo"]
[Black "Lupulescu, Constantin"]
[Result "0-1"]
[WhiteTitle "IM"]
[BlackTitle "GM"]
[WhiteElo "2419"]
[BlackElo "2603"]
[WhiteFideId "2907712"]
[BlackFideId "1207822"]
[EventDate "2012.06.04"]
[EventType "swiss"]

1. c4 c5 2. Nc3 Nc6 3. g3 g6 4. Bg2 Bg7 5. b3 e6 6. Bb2 Nge7 7. Rc1 b6 8. e3 O-O
9. Nge2 d5 10. cxd5 exd5 11. d4 cxd4 12. Nxd4 Nxd4 13. exd4 Ba6 14. Ne2 Nc6 15.
O-O Re8 16. Re1 Nb4 17. Nf4 Bh6 18. Rxe8+ Qxe8 19. Nxd5 Nxd5 20. Bxd5 Bxc1 21.
Bxc1 Rd8 22. Bc4 Bxc4 23. bxc4 Qc6 0-1

[Event "1st Grand Europe Open"]
[Site "Golden Sands BUL"]
[Date "2012.06.05"]
[Round "2.12"]
[White "Baghdasaryan, Vahe"]
[Black "Fier, Alexandr"]
[Result "1-0"]
[BlackTitle "GM"]
[WhiteElo "2409"]
[BlackElo "2596"]
[WhiteFideId "13303139"]
[BlackFideId "2107139"]
[EventDate "2012.06.04"]
[EventType "swiss"]

1. e4 c5 2. Nf3 d6 3. d4 cxd4 4. Nxd4 Nf6 5. Nc3 e6 6. g4 h6 7. Bg2 a6 8. h3 Nc6
9. Be3 Ne5 10. f4 Nc4 11. Bc1 e5 12. Nf5 exf4 13. Qd4 f3 14. Bxf3 Ne5 15. Be2
Nc6 16. Qf2 Bxf5 17. gxf5 Rc8 18. Bf4 Qa5 19. O-O-O Nb4 20. Qa7 Qc7 21. Kb1 Be7
22. Qe3 Qc5 23. Qxc5 Rxc5 24. Bxd6 Bxd6 25. Rxd6 O-O 26. Rb6 a5 27. Rxb7 Re8 28.
a3 Nc6 29. Rb5 Rxc3 30. bxc3 Nxe4 31. Kb2 Ng3 32. Bf3 Ne5 33. Rd1 Nxf5 34. Bd5
g5 35. Ka2 Kg7 36. Re1 f6 37. Rb7+ Re7 38. Rxe7+ Nxe7 39. c4 h5 40. Be6 N7c6 41.
c5 Kg6 42. Bd5 Ne7 43. Be4+ Kf7 44. Kb3 g4 45. hxg4 hxg4 46. Kc3 g3 47. Kd4 Nf5+
48. Kd5 Ne7+ 49. Kd6 Nc4+ 50. Kd7 Ne5+ 51. Kd8 Kf8 52. Bg2 Kf7 53. Rxe5 fxe5 54.
Kd7 e4 55. Bxe4 Ng6 56. c6 Ne5+ 57. Kd6 Nc4+ 58. Kc5 Nd2 59. Bd5+ Ke7 60. c7 1-0

[Event "1st Grand Europe Open"]
[Site "Golden Sands BUL"]
[Date "2012.06.05"]
[Round "2.13"]
[White "Swiercz, Dariusz"]
[Black "Akshat, Khamparia"]
[Result "1-0"]
[WhiteTitle "GM"]
[BlackTitle "IM"]
[WhiteElo "2585"]
[BlackElo "2400"]
[WhiteFideId "1126881"]
[BlackFideId "5016541"]
[EventDate "2012.06.04"]
[EventType "swiss"]

1. e4 c5 2. Nf3 d6 3. d4 cxd4 4. Nxd4 Nf6 5. Nc3 g6 6. Be3 Bg7 7. f3 Nc6 8. Qd2
Bd7 9. O-O-O h5 10. Bc4 Rc8 11. Bb3 Na5 12. Kb1 Nc4 13. Qd3 Nxe3 14. Qxe3 Qa5
15. h3 Qc5 16. Rhe1 O-O 17. f4 e5 18. fxe5 dxe5 19. Nf3 Qxe3 20. Rxe3 Rfe8 21.
Ng5 Re7 22. Rf3 Be8 23. Rd6 Rc6 24. Rd8 Kf8 25. Ba4 Ra6 26. Bb5 Rb6 27. a4 a6
28. Nd5 Nxd5 29. Rxf7+ Kg8 30. Bxe8 1-0

[Event "1st Grand Europe Open"]
[Site "Golden Sands BUL"]
[Date "2012.06.05"]
[Round "2.14"]
[White "Mollov, Ergin"]
[Black "Grigoryan, Avetik"]
[Result "0-1"]
[WhiteTitle "IM"]
[BlackTitle "GM"]
[WhiteElo "2394"]
[BlackElo "2581"]
[WhiteFideId "2900343"]
[BlackFideId "13302191"]
[EventDate "2012.06.04"]
[EventType "swiss"]

1. d4 Nf6 2. c4 e6 3. Nf3 d5 4. Bg5 h6 5. Bxf6 Qxf6 6. Nc3 c6 7. e3 Nd7 8. Rc1
g6 9. Bd3 dxc4 10. Bxc4 Qe7 11. O-O Bg7 12. e4 O-O 13. e5 c5 14. Ne4 Rd8 15.
dxc5 Nxe5 16. Nd6 Nxc4 17. Rxc4 b6 18. Nxc8 Raxc8 19. Qc2 Rxc5 20. Rxc5 Qxc5 21.
Qxc5 bxc5 22. b3 e5 23. Re1 f5 24. g4 Rd5 25. gxf5 gxf5 26. Re2 e4 27. Nd2 Kf7
28. Kg2 Rd3 29. Nc4 Ke6 30. Rc2 Bd4 31. Re2 Kd5 32. Ne3+ Bxe3 33. fxe3 Ke5 34.
Kf2 f4 35. exf4+ Kxf4 36. Rc2 Rd2+ 37. Rxd2 e3+ 38. Ke2 exd2 39. Kxd2 Kf3 40. a3
Kg2 41. h4 Kg3 42. h5 Kg4 43. b4 cxb4 44. axb4 Kxh5 45. Ke3 Kg4 46. Kf2 Kf4 47.
b5 Ke4 0-1

[Event "1st Grand Europe Open"]
[Site "Golden Sands BUL"]
[Date "2012.06.05"]
[Round "2.15"]
[White "Chatalbashev, Boris"]
[Black "Mammadov, Zaur"]
[Result "0-1"]
[WhiteTitle "GM"]
[BlackTitle "IM"]
[WhiteElo "2575"]
[BlackElo "2393"]
[WhiteFideId "2900440"]
[BlackFideId "13401033"]
[EventDate "2012.06.04"]
[EventType "swiss"]

1. d4 Nf6 2. c4 e6 3. Nc3 d5 4. cxd5 exd5 5. Bg5 Be7 6. e3 O-O 7. Bd3 c6 8. Qc2
Nbd7 9. Nf3 Re8 10. O-O Nf8 11. h3 g6 12. Bh6 Bd6 13. Rab1 Ne6 14. b4 a6 15. a4
a5 16. b5 c5 17. dxc5 Nxc5 18. Nd4 Be5 19. Bg5 Qd6 20. b6 Nxd3 21. Qxd3 Ne4 22.
Ncb5 Qxb6 23. Bf4 Bxf4 24. exf4 Bd7 25. Nf3 Nf6 26. Nfd4 Rac8 27. f5 Rc4 28.
fxg6 hxg6 29. Qd1 Bxb5 30. Nxb5 Qc5 31. Rc1 Ne4 32. Rxc4 dxc4 33. Qd7 Re7 34.
Qd8+ Kg7 35. Qxa5 c3 36. Qa7 b6 37. Qb8 Nxf2 38. Kh2 c2 39. Qf4 Nd3 40. Qf6+ Kg8
41. Nd6 Qe5+ 42. Qxe5 Rxe5 43. Nxf7 Re1 0-1

[Event "1st Grand Europe Open"]
[Site "Golden Sands BUL"]
[Date "2012.06.05"]
[Round "2.17"]
[White "Tikkanen, Hans"]
[Black "Nikolov, Sasho"]
[Result "1-0"]
[WhiteTitle "GM"]
[BlackTitle "IM"]
[WhiteElo "2566"]
[BlackElo "2384"]
[WhiteFideId "1706446"]
[BlackFideId "2900297"]
[EventDate "2012.06.04"]
[EventType "swiss"]

1. c4 e6 2. g3 d5 3. Bg2 Nf6 4. Nf3 Be7 5. O-O O-O 6. b3 b6 7. Bb2 Bb7 8. e3
Nbd7 9. Nc3 dxc4 10. bxc4 Nc5 11. d4 Nce4 12. Nxe4 Nxe4 13. Qc2 c5 14. Rfd1 Nd6
15. dxc5 bxc5 16. Be5 Be4 17. Qa4 Qc7 18. Ng5 Bxg2 19. Kxg2 Rfd8 20. Bxd6 Bxd6
21. Rab1 h6 22. Ne4 Be7 23. Kg1 f5 24. Nc3 Bf6 25. Nb5 Qc6 26. Qa5 Kh7 27. Qc7
Qe4 28. Qf4 Qc2 29. Rdc1 Qd3 30. Nc7 g5 31. Qf3 Rab8 32. Rxb8 Rxb8 33. Nxe6 Rb1
34. Rxb1 Qxb1+ 35. Kg2 Kg6 36. Qc6 Kf7 37. Nxc5 Qxa2 38. Qe6+ Kg7 39. Qd7+ 1-0

[Event "1st Grand Europe Open"]
[Site "Golden Sands BUL"]
[Date "2012.06.05"]
[Round "2.18"]
[White "L'Ami, Alina"]
[Black "Ipatov, Alexander"]
[Result "0-1"]
[WhiteTitle "WGM"]
[BlackTitle "GM"]
[WhiteElo "2383"]
[BlackElo "2561"]
[WhiteFideId "1210246"]
[BlackFideId "14116731"]
[EventDate "2012.06.04"]
[EventType "swiss"]

1. d4 g6 2. c4 Bg7 3. Nc3 d6 4. e4 e5 5. d5 a5 6. Bd3 Na6 7. h3 Bd7 8. Nge2 Nh6
9. O-O O-O 10. f4 Nc5 11. Bc2 f5 12. fxe5 dxe5 13. exf5 Nxf5 14. Ne4 Nxe4 15.
Bxe4 Qh4 16. Bxf5 gxf5 17. Qb3 Ra6 18. c5 Rg6 19. Bd2 f4 20. Kh1 a4 21. Qa3 Bh6
22. Ng1 e4 23. Qb4 Qg3 0-1

[Event "1st Grand Europe Open"]
[Site "Golden Sands BUL"]
[Date "2012.06.05"]
[Round "2.19"]
[White "Li, Shilong"]
[Black "Rzayev, Bahruz"]
[Result "1-0"]
[WhiteTitle "GM"]
[WhiteElo "2553"]
[BlackElo "2380"]
[WhiteFideId "8600678"]
[BlackFideId "13403036"]
[EventDate "2012.06.04"]
[EventType "swiss"]

1. d4 f5 2. Bg5 h6 3. Bh4 g5 4. Bg3 Nf6 5. e3 d6 6. Nd2 e6 7. f3 Nc6 8. Bb5 Bd7
9. Ne2 a6 10. Ba4 Qe7 11. c4 e5 12. d5 Nd8 13. e4 f4 14. Bf2 h5 15. Nc3 Bxa4 16.
Qxa4+ Qd7 17. Qxd7+ Nxd7 18. Ke2 c5 19. dxc6 bxc6 20. b4 Rb8 21. Rhb1 d5 22.
exd5 Rxb4 23. Nce4 Rg8 24. Rxb4 Bxb4 25. Rb1 a5 26. Nb3 cxd5 27. cxd5 Nb7 28.
Nbd2 Nd6 29. Rxb4 axb4 30. Nxd6+ Ke7 31. N6e4 Ra8 32. Kd3 Rxa2 33. Kc4 Ra1 34.
Kxb4 Rh1 35. h3 Rh2 36. Nxg5 Rxg2 37. Nde4 Rh2 38. d6+ Ke8 39. Kc4 Rh1 40. Kd5
Rd1+ 41. Ke6 Rd3 42. Nh7 Kd8 43. Nhf6 Nb8 44. Ng5 Kc8 45. Nxh5 Rd2 46. Ne4 Rd3
47. Nhf6 Rxf3 48. h4 Rh3 49. Kxe5 f3 50. Kf4 Nd7 51. Kg4 Rh1 52. Nxd7 Kxd7 53.
Kxf3 Ke6 54. Bg3 Rd1 55. Nc5+ Kd5 56. Ke2 Rd4 57. d7 Kc6 58. Bc7 1-0

[Event "1st Grand Europe Open"]
[Site "Golden Sands BUL"]
[Date "2012.06.05"]
[Round "2.22"]
[White "Mrdja, Milan"]
[Black "Nikolov, Momchil"]
[Result "1-0"]
[WhiteTitle "IM"]
[BlackTitle "GM"]
[WhiteElo "2372"]
[BlackElo "2553"]
[WhiteFideId "14500337"]
[BlackFideId "2905710"]
[EventDate "2012.06.04"]
[EventType "swiss"]

1. e4 c5 2. Nf3 e6 3. d4 cxd4 4. Nxd4 a6 5. Nc3 Qc7 6. Bd3 Nf6 7. Qe2 d6 8. f4
Nbd7 9. Nf3 Nc5 10. Bd2 Be7 11. a3 O-O 12. O-O b5 13. b4 Nxd3 14. cxd3 Bb7 15.
Rac1 Qd7 16. Kh1 Rac8 17. Be3 Rfe8 18. Qd2 g6 19. Bd4 Nh5 20. Ne2 f5 21. Qe3
fxe4 22. dxe4 Bf8 23. Rcd1 Qe7 24. e5 Bxf3 25. Qxf3 d5 26. g4 Ng7 27. Ng3 Qf7
28. Qd3 Rc6 29. f5 exf5 30. gxf5 gxf5 31. Nxf5 Qh5 32. Ng3 Qg4 33. Rd2 Rg6 34.
Bb2 Ne6 35. Qf5 Rd8 36. Qxg4 Rxg4 37. Rf6 Rg6 38. Rf3 Bh6 39. Rd1 Bf8 40. Nf5
Rc8 41. Rf2 Ng5 42. Rxd5 Nh3 43. Rf1 Rc2 44. Bd4 Rgg2 45. Bg1 Nxg1 46. Rxg1
Rxg1+ 47. Kxg1 Kf7 48. Nd4 Ra2 49. e6+ Kg6 50. Rd7 Bg7 51. Nc6 Re2 52. e7 Bf6
53. Rd6 Kf7 54. Kf1 Re4 55. Kf2 Bg5 56. Kf3 Rf4+ 57. Ke2 Rc4 58. Ne5+ 1-0

[Event "1st Grand Europe Open"]
[Site "Golden Sands BUL"]
[Date "2012.06.05"]
[Round "2.23"]
[White "Sethuraman, S.P."]
[Black "Erturan, Yakup"]
[Result "1-0"]
[WhiteTitle "GM"]
[BlackTitle "IM"]
[WhiteElo "2546"]
[BlackElo "2370"]
[WhiteFideId "5021596"]
[BlackFideId "6301410"]
[EventDate "2012.06.04"]
[EventType "swiss"]

1. e4 e5 2. Nf3 Nc6 3. d4 exd4 4. Nxd4 Nf6 5. Nxc6 bxc6 6. e5 Qe7 7. Qe2 Nd5 8.
c4 Nb6 9. Nc3 Qe6 10. Qe4 a5 11. Bd2 Ba6 12. b3 g6 13. Bd3 Bg7 14. O-O O-O 15.
Rae1 Rfe8 16. Qf3 Bxe5 17. Ne4 d6 18. Bxa5 Bxc4 19. bxc4 Nxc4 20. Bc3 f5 21. Ng5
Qf6 22. Qxc6 Nb6 23. Bxe5 Qxg5 24. Bf6 1-0

[Event "1st Grand Europe Open"]
[Site "Golden Sands BUL"]
[Date "2012.06.05"]
[Round "2.24"]
[White "Kashlinskaya, Alina"]
[Black "Szabo, Gergely-Andras-Gyula"]
[Result "1/2-1/2"]
[WhiteTitle "WGM"]
[BlackTitle "GM"]
[WhiteElo "2372"]
[BlackElo "2540"]
[WhiteFideId "4198026"]
[BlackFideId "1205064"]
[EventDate "2012.06.04"]
[EventType "swiss"]

1. d4 e6 2. c4 Nf6 3. Nc3 Bb4 4. e3 O-O 5. Ne2 d5 6. a3 Bd6 7. c5 Be7 8. b4 b6
9. Nf4 c6 10. Be2 Nbd7 11. Nd3 a5 12. Bd2 Ba6 13. O-O Bc4 14. Qc2 Qc8 15. cxb6
axb4 16. axb4 Nxb6 17. Ne5 Bxb4 1/2-1/2

[Event "1st Grand Europe Open"]
[Site "Golden Sands BUL"]
[Date "2012.06.05"]
[Round "2.25"]
[White "Bulmaga, Irina"]
[Black "Yilmaz, Mustafa"]
[Result "0-1"]
[WhiteTitle "WIM"]
[BlackTitle "IM"]
[WhiteElo "2370"]
[BlackElo "2536"]
[WhiteFideId "13903063"]
[BlackFideId "6302718"]
[EventDate "2012.06.04"]
[EventType "swiss"]

1. e4 c5 2. Nf3 g6 3. c3 d5 4. exd5 Qxd5 5. Na3 Bg7 6. d4 cxd4 7. Bc4 Qe4+ 8.
Be3 Nh6 9. cxd4 O-O 10. Qd2 Nf5 11. O-O Nxe3 12. fxe3 Qg4 13. e4 Nc6 14. Nc2 Qh5
15. h3 Bd7 16. b4 Rac8 17. Be2 Qh6 18. Qd3 Rfd8 19. Qb3 Be8 20. Rad1 e6 21. Bc4
Ne7 22. b5 Rc7 23. Ne3 Qf4 24. Ne5 Qg5 25. Nf3 Qg3 26. Ng4 h5 27. Nge5 Bxe5 28.
Nxe5 Qxb3 29. axb3 Nc8 30. d5 exd5 31. Bxd5 Kg7 32. Bc4 Rxd1 33. Rxd1 Re7 34.
Rd5 Kf6 35. Nf3 Rxe4 36. Rc5 Nd6 37. Rc7 Re7 38. Rc5 b6 39. Rd5 Nxc4 40. bxc4
Rd7 41. Re5 Re7 42. Rd5 Rc7 43. Rd4 Bd7 44. Kf2 Be6 45. Nd2 Rd7 46. Ke3 Rxd4 47.
Kxd4 Kf5 48. Nf3 f6 49. g3 g5 50. Kd3 Bd7 51. Nd4+ Ke5 52. Nf3+ Kd6 53. h4 Bg4
54. Nd4 Kc5 55. Nb3+ Kb4 56. Nd4 Kc5 57. Nb3+ Kd6 58. Nd4 gxh4 59. gxh4 Bc8 60.
Ne2 Ke5 61. Nd4 a6 62. Nc6+ Kd6 63. Na7 Bb7 64. Kd4 a5 0-1